<An> Introduction to Statistical Learning

Guardado en:
Detalles Bibliográficos
Autor principal: James, Gareth
Otros Autores: Witten, Daniela, Hastie, Trevor, Tibshirani, Robert
Formato: Libro
Lenguaje:inglés
Publicado: New York Springer 2013
Edición:1st Edition
Colección:Springer Texts in Statistics
Materias:
Etiquetas: Agregar Etiqueta
Sin Etiquetas, Sea el primero en etiquetar este registro!

MARC

LEADER 00000nam a2200000 4500
001 0259113
005 20240229080010.1
020 |a 978-1-4614-7137-0 
020 |a 978-1-4614-7138-7 
022 |a 1431-875X 
041 0 |a eng 
044 |a US 
245 1 0 |a <An> Introduction to Statistical Learning  |c Gareth James, Daniela Witten, Trevor Hastie, Robert Tibshirani 
250 |a 1st Edition 
264 1 |a New York  |b Springer  |c 2013 
300 |a 426 s. 
490 1 |a Springer Texts in Statistics 
830 0 |a Springer Texts in Statistics 
610 2 0 |a štatistika 
610 2 0 |a veda 
610 2 0 |a odhad štatistický 
610 2 0 |a regresia 
610 2 0 |a modely lineárne 
610 2 0 |a metódy štatistické 
610 2 0 |a dáta 
610 2 0 |a prognózy 
610 2 0 |a programy počítačové 
100 1 |a James, Gareth 
700 1 |a Witten, Daniela 
700 1 |a Hastie, Trevor 
700 1 |a Tibshirani, Robert